000 02387cam a2200433 i 4500
001 1417393718
003 OCoLC
005 20241203161014.0
008 240118s2024 bcc 000 0 eng
010 _a2024442922
020 _a9781778401251
_q(hardcover)
020 _a1778401252
_q(hardcover)
035 _a(OCoLC)1417393718
040 _aNLC
_beng
_erda
_cYDX
_dOCLCO
_dBDX
_dNLC
_dOCLCO
_dNLC
_dDLC
_dIG#
042 _alac
043 _an-us-wy
_an-us-id
_an-us-mt
050 0 0 _aQL737.C22
_bM3852 2024
082 0 4 _a599.77309787/52
_223/eng/20240826
092 0 _ageneral nonfiction
_b599.77 McIntyre
100 1 _aMcIntyre, Rick,
_eauthor.
_914266
245 1 0 _aThinking like a wolf :
_blessons from the Yellowstone packs /
_cRick McIntyre ; foreword by Frans de Waal.
263 _a202410.
264 1 _aVancouver ;
_aBerkeley ;
_aLondon :
_bGreystone Books,
_c[2024]
300 _axxx, 234 pages :
_billustrations ;
_c23 cm.
336 _atext
337 _aunmediated
338 _avolume
490 1 _aAlpha wolves of Yellowstone series ;
_v[book 5]
500 _aSeries numbering taken from publisher's website.
520 _a"In his latest book, award-winning author and renowned wolf researcher, Rick McIntyre, explores the intricate world of wolf behavior in Yellowstone National Park and highlights the individual character traits that allow wolf packs to thrive. Unveiling power struggles, pack politics, the roles of family protection, inter-pack conflicts, and more, Rick skillfully follows the intricacy of packs and the unique attributes each wolf has. In these true stories, he celebrates the many lessons we can learn from wolf packs and the dynamic personalities that enable them to expand across new territories amidst adversity."--
530 _aIssued also in electronic format.
650 0 _aWolves
_xBehavior
_zYellowstone National Park.
_96415568
650 0 _aWolves
_zYellowstone National Park.
655 7 _aNonfiction.
_2local.
_95714151
700 1 _aDe Waal, Frans,
_d1948-2024,
_ewriter of foreword.
_96497174
776 0 8 _iOnline version:
_aMcIntyre, Rick.
_tThinking like a wolf.
_dVancouver ; Berkeley ; London : Greystone Books, 2024
_z1778401260
_z9781778401268
_w(OCoLC)1453254171.
800 1 _aMcIntyre, Rick.
_tAlpha wolves of Yellowstone series ;
_vbk. 5.
_96435656
942 _2ddc
_cBOOK
999 _c402273
_d402273